| 000 | 00489nam a22001937a 4500 | ||
|---|---|---|---|
| 003 | OSt | ||
| 005 | 20250215143843.0 | ||
| 008 | 250215b |||||||| |||| 00| 0 eng d | ||
| 040 | _cSTCPL | ||
| 041 | _aENG | ||
| 082 |
_a294.3 _bCHA-S |
||
| 245 |
_aThe surangama sutra / _cby Ch'an Master Han Shan |
||
| 260 |
_aTaiwan : _bThe Corporate Body of the Buddha Educational Foundation |
||
| 300 |
_a351 p. _bPB |
||
| 650 | _aBudhism | ||
| 650 | _aReligion | ||
| 942 | _cBK | ||
| 942 |
_2ddc _n0 |
||
| 999 |
_c85044 _d85044 |
||